| 000 | 00470nam a22001697a 4500 | ||
|---|---|---|---|
| 003 | OSt | ||
| 005 | 20260212013329.0 | ||
| 008 | 260212b |||||||| |||| 00| 0 eng d | ||
| 020 | _a978-0-7868-3865-3 | ||
| 040 |
_aDWCL-Main Lib _cOC |
||
| 082 | _aFic. R585 2005 | ||
| 100 | _aRiordan, Rick | ||
| 245 | _aThe Lighning thief | ||
| 260 |
_aNew York : _bMiramax / Hyperion Books for Children, _cc2005. |
||
| 300 |
_a377 p. : _c19 cm. |
||
| 942 |
_2ddc _cFIC. _e1st ed. _mFic. _n0 |
||
| 999 |
_c8355 _d8355 |
||